Les participes passés des verbes - FLE - Statistiques

Statistiques générales
  • Ce quiz a été pris 21 fois
  • Le résultat moyen est 28 sur 30
Statistiques - réponses
Verbe Participe passé % Correct
aller allé
100%
apprendre appris
100%
boire bu
100%
comprendre compris
100%
connaître connu
100%
avoir eu
100%
dire dit
95%
écrire écrit
95%
finir fini
95%
lire lu
95%
mettre mis
95%
naître
95%
partir parti
95%
prendre pris
95%
pouvoir pu
95%
recevoir reçu
95%
rendre rendu
95%
répondre répondu
95%
rire ri
95%
savoir su
95%
surprendre surpris
95%
venir venu
95%
vouloir voulu
95%
découvrir découvert
90%
être été
90%
faire fait
90%
ouvrir ouvert
90%
perdre perdu
90%
vivre vécu
90%
mourir mort
76%
Aucun quiz correspondant
Distribution des résultats
% des personnes avec chaque résultat
Percentile par nombre de réponses
Votre historique - résultats
Vous n’avez pas pris ce quiz